Podsumowanie roku 2013 - Statystyki

Ogólne statystyki
  • Ten quiz został rozwiązany 6 razy
  • Średni wynik to 6 z 22
Statystyki odpowiedzi
Wskazówka Odpowiedź % Poprawnych
Wirtualna waluta, która na krótko osiągnęła 1000 dolarów Bitcoin
100%
Nowy papież Franciszek
83%
Program telewizyjny: "Heisenberg" Breaking Bad
50%
Duże miasto w USA, które zbankrutowało Detroit
50%
Tajfun Haiyan zabił w tym kraju 6300 osób Filipiny
50%
Państwo, w którym użyto broni chemicznej Syria
50%
Pierwszy Brytyjczyk od 77 lat, który wygrał tytuł singlisty na Wimbledonie Andy Murray
33%
Państwo, które dołączyło do UE Chorwacja
33%
Piosenka: "Get Lucky" Daft Punk
33%
Piosenka: "Thrift Shop" Macklemore
33%
Sygnalista, który ujawnił powyższe Edward Snowden
17%
Film: Space Shuttle disaster Grawitacja
17%
Imię królewskiego dziecka Williama i Kate Jerzy
17%
Film: Let It Go Kraina Lodu
17%
Wydarzenie sportowe, które zostało zbombardowane Maraton Bostoński
17%
Film: Giant monster-fighting robots Pacific Rim
17%
Piosenka: "Blurred Lines" Robin Thicke
17%
Wciągająca gra wideo o niszczeniu słodyczy Candy Crush
0%
Program telewizyjny: 50th anniversary (UK) Doktor Who
0%
Państwo, w którym prezydent Morsi został obalony w wyniku zamachu stanu Egipt
0%
Piosenka: "Royals" Lorde
0%
Agencja rządowa USA, która szpiegowała praktycznie wszystkich NSA
0%
Nie znaleziono quizów pasujących do podanych kryteriów
Rozkład punktacji
Procent ludzi z każdym wynikiem
Percentyl według liczby udzielonych odpowiedzi
Twoja historia wyników
Nie rozwiązałeś tego quizu